000 00384nam a22001457a 4500
003 OSt
005 20241001130120.0
008 241001b2024 ag ||||| |||| 00| 0 spa d
020 _a9786310038940
040 _cbesoc
100 _aCeballos, Cintia
_eAutor
245 _aUno a Uno Los Pájaros
_cCintia Ceballos
260 _aBuenos Aires:
_bLa Gran Nilson Editora
_c2024
942 _2udc
_cOG
_n0
999 _c347
_d347